000 01010nam a2200193 a 4500
005 20260407114759.0
008 881013s1988 caua b 001 0 eng
020 _a0155188518 (hbk)
082 0 0 _a330 BAU
100 1 _aBaumol, William J.
245 1 0 _aEconomics :
_bprinciples and policy /
_cWilliam J. Baumol and Alan S. Blinder
250 _a4th ed.
260 _aSan Diego :
_bHarcourt Brace Jovanovich,
_c1988.
300 _axxxi, 926, 8, 10 p. :
_c27 cm.
505 _aPART 1. Getting Acquainted with Economics- PART 2. The Realm of Macroeconomics- PART 3. Aggregate Supply and Demand Analysis- PART 4. Fiscal and Monetary Policy- PART 5. The United States in the World Economy- PART 6. Essentials of Microeconomics: Consumers and Firms- PART 7. The Market System: Virtues and Vices- PART 8. The Government and the Economy- PART 9. The Distribution of Income- PART 10. Alternative Economic Systems- Glossary- Index.
650 0 _aEconomics.
700 1 _aBlinder, Alan S.
942 _2ddc
_cBK
999 _c9161
_d9161